Overwatch League Teams - Statistiques

Statistiques générales
  • Ce quiz a été pris 54 fois
  • Le résultat moyen est 9 sur 20
Statistiques - réponses
Hint Réponse % Correct
L Los Angeles Gladiators
62%
L Los Angeles Valiant
60%
S Seoul Dynasty
60%
L London Spitfire
57%
S Shangai Dragons
55%
B Boston Uprising
52%
V Vancouver Titans
50%
D Dallas Fuel
48%
W Washington Justice
48%
V Vegas Eternal
45%
F Florida Mayhem
40%
H Hangzhou Spark
40%
H Houston Outlaws
40%
N New-York Excelsior
40%
S Seoul Infernal
40%
C Chengdu Hunters
38%
T Toronto Defiant
36%
G Guangzhou Charge
33%
A Atlanta Reigns
24%
S San Fransisco Shock
7%
Aucun quiz correspondant
Distribution des résultats
% des personnes avec chaque résultat
Percentile par nombre de réponses
Votre historique - résultats
Vous n’avez pas pris ce quiz